00436 2200169 4500001002100000005001700021035002500038090002000063100001900083245004200102250001100144260003100155300002700186650002000213850001200233990002100245YOGYA00000000003530020150312092421.0 a0010-081400000035018 aDEP 745.5 GER A aGERBONO, Anton aAneka anyaman bambuc/ GERBONO, Anton aCet. 5 aYogyakartabKanisiusc2005 a91 hlm.cilus.c21 cm. aKerajinan bambu aYOPDYOG aCB-D.11-2005-049